| 000 | 01123cas a2200373 a 4500 | ||
|---|---|---|---|
| 005 | 20260322212021.0 | ||
| 008 | data | ||
| 010 | _a 2006207414 | ||
| 012 | _a-3-7-0701271482-p----- a | ||
| 020 | _a1740591658 | ||
| 020 | _a9781740591652 | ||
| 022 | 0 |
_a1935-0864 _21 |
|
| 037 | _bLonely Planet, 150 Linden St., Oakland, CA 94607 | ||
| 040 |
_aMoS _cMoS _dOCoLC _dOCoLC _dDLC _dNSDP _dOCoLC |
||
| 042 |
_ansdp _ansdp |
||
| 043 | _aa-jo--- | ||
| 050 | 0 | 0 |
_aDS153.A4 _b.J668 |
| 082 | 1 | 0 |
_a915 _214 |
| 092 | _a915.69 J668 2003 | ||
| 100 | 1 | _aHam, Anthony | |
| 130 | 0 | _aJordan (Lonely Planet Publications (Firm)) | |
| 222 | 0 |
_aJordan _b(Lonely Planet Publications (Firm)) |
|
| 245 | 1 | 0 |
_aJordan. _cAnthony Ham & Paul Greenway. |
| 246 | 3 | _aLonely Planet Jordan | |
| 250 | _a5th edition. | ||
| 260 |
_aOakland, Calif. : _aOakland, Calif. : _bLonely Planet Publications, _c2000- |
||
| 300 |
_a295 p. _bill., map ; _c19 cm. |
||
| 362 | 0 | _a4th ed. (2000)- | |
| 440 | 0 | _aLonely Planet guidebooks | |
| 651 | 0 |
_aJordan _vGuidebooks. |
|
| 700 | 1 | _aGreenway, Paul | |
| 780 | 0 | 1 |
_tJordan & Syria _w(OCoLC)36542349 |
| 001 | data | ||
| 999 |
_c467 _d467 |
||